Toponímia de Valdivia

Salvato in:
Dettagli Bibliografici
Autore principale: Bernales L., Mario (Autore)
Natura: Libro
Lingua:spagnolo
Pubblicazione: Temuco Eds. Universidad de la Frontera 1990
Serie:Serie Quinto Centenario
Soggetti:
Tags: Aggiungi Tag
Nessun Tag, puoi essere il primo ad aggiungerne!!

MARC

LEADER 00000nam a2200000 a 4500
001 UCY2652
003 CL-VaPUC
008 941109e19900000CL |||||||||||||||||spa|d
082 0 4 |a 918.8352  |b BER  |2 21 
100 0 |a Bernales L., Mario  |e author  |9 330728 
245 1 0 |a Toponímia de Valdivia 
300 |a 141 p 
942 |c BK 
945 |d 19941109 00:00:00  |a rbrito 
260 |a Temuco  |b Eds. Universidad de la Frontera  |c 1990 
650 7 |a NOMBRES GEOGRAFICOS  |2 CL-VaPUC  |9 330729 
650 0 |a Historia  |9 255047 
651 0 |a Valdivia (Chile)  |9 268941 
651 7 |a CHILE  |2 CL-VaPUC  |9 330730 
583 |a last modification  |c 20181001 02:10:40  |k Rodrigo Vera 
490 0 |a Serie Quinto Centenario 
999 |c 231009  |d 231007 
952 |0 0  |1 0  |4 0  |6 918_835200000000000_BER_1990  |7 0  |8 A  |9 233760  |a BIBEDU  |b BIBEDU  |d 2019-11-15  |i 3031918  |o 918.8352 BER 1990  |p 3031918  |r 2019-11-15  |w 2019-11-15  |y BK  |k LIT